Mathematics for medical and clinical laboratory professionals / (Record no. 18870)
[ view plain ]
| 000 -LEADER | |
|---|---|
| fixed length control field | 01460cam a22003254a 4500 |
| 001 - CONTROL NUMBER | |
| control field | 15143525 |
| 005 - DATE AND TIME OF LATEST TRANSACTION | |
| control field | 20150114103039.0 |
| 008 - FIXED-LENGTH DATA ELEMENTS--GENERAL INFORMATION | |
| fixed length control field | 080111t2009 xxuadk frbd 001 0 eng d |
| 010 ## - LIBRARY OF CONGRESS CONTROL NUMBER | |
| LC control number | 2008001538 |
| 020 ## - INTERNATIONAL STANDARD BOOK NUMBER | |
| International Standard Book Number | 9781435400405 |
| 020 ## - INTERNATIONAL STANDARD BOOK NUMBER | |
| International Standard Book Number | 1435400402 |
| 035 ## - SYSTEM CONTROL NUMBER | |
| System control number | (DNLM)101463446 |
| 040 ## - CATALOGING SOURCE | |
| Original cataloging agency | DNLM/DLC |
| Transcribing agency | DLC |
| Modifying agency | DLC |
| -- | EG-ScBUE |
| 082 00 - DEWEY DECIMAL CLASSIFICATION NUMBER | |
| Classification number | 610.284 |
| Edition number | 22 |
| Item number | HEL |
| 100 1# - MAIN ENTRY--PERSONAL NAME | |
| Personal name | Helms, Joel R. |
| 9 (RLIN) | 37147 |
| 245 10 - TITLE STATEMENT | |
| Title | Mathematics for medical and clinical laboratory professionals / |
| Statement of responsibility, etc | Joel R. Helms. |
| 260 ## - PUBLICATION, DISTRIBUTION, ETC. (IMPRINT) | |
| Place of publication, distribution, etc | Clifton Park, United States : |
| Name of publisher, distributor, etc | Cengage Delmar Learning, |
| Date of publication, distribution, etc | c.2009. |
| 300 ## - PHYSICAL DESCRIPTION | |
| Extent | xiv, 340 p. : |
| Other physical details | charts, forms, tables ; |
| Dimensions | 26 cm. |
| 500 ## - GENERAL NOTE | |
| General note | Includes appendixes. |
| 500 ## - GENERAL NOTE | |
| General note | Glossary : p. 327-331. |
| 500 ## - GENERAL NOTE | |
| General note | Index : p. 333-340. |
| 504 ## - BIBLIOGRAPHY, ETC. NOTE | |
| Bibliography, etc | Bibliography : p. 332. |
| 505 0# - FORMATTED CONTENTS NOTE | |
| Formatted contents note | Review-Basic algebra and mathematical essentials-Measurement systems and conversion procedures-Dilutions, factors, and titers-Standard curves, rate of change, and variation-Solutions-Chemistry, logarithms, and spectrophotometry-Hematology mathematics-Urinalysis and renal clearance-Charting data-Basic statistics and quality control -Statistics for laboratory medicine. |
| 650 #0 - SUBJECT ADDED ENTRY--TOPICAL TERM | |
| Topical term or geographic name as entry element | Medical laboratory technology |
| General subdivision | Mathematics |
| 9 (RLIN) | 37149 |
| 650 22 - SUBJECT ADDED ENTRY--TOPICAL TERM | |
| Topical term or geographic name as entry element | Clinical Laboratory Techniques |
| General subdivision | methods |
| 9 (RLIN) | 37150 |
| 650 22 - SUBJECT ADDED ENTRY--TOPICAL TERM | |
| Topical term or geographic name as entry element | Laboratory Techniques and Procedures |
| 9 (RLIN) | 37151 |
| 653 ## - INDEX TERM--UNCONTROLLED | |
| Resource For college | Pharmacy |
| Arrived date list | January2015 |
| 655 ## - INDEX TERM--GENRE/FORM | |
| Form subdivision | |
| -- | 34232 |
| 942 ## - ADDED ENTRY ELEMENTS (KOHA) | |
| Source of classification or shelving scheme | Dewey Decimal Classification |
| Call number prefix | 610.284 HEL |
| Withdrawn status | Item status | Source of classification or shelving scheme | Damaged status | Not for loan | Vendor | Home library | Current library | Shelving location | Date acquired | Source of acquisition | Cost, normal purchase price | Serial Enumeration / chronology | Total Checkouts | Full call number | Barcode | Date last seen | Cost, replacement price | Koha item type |
|---|---|---|---|---|---|---|---|---|---|---|---|---|---|---|---|---|---|---|
| Dewey Decimal Classification | Baccah | Central Library | Central Library | First floor | 14/01/2015 | 495.00 | 21291 | 610.284 HEL | 000037292 | 15/07/2025 | 619.00 | Book - Borrowing |